000
00340nam a2200133Ia 4500
008
230822s1999 xx 000 0 und d
020
_a
81-239-0299-9
041
_a
eng
082
_a
910.2
100
_a
LITTLEWOOD M.
245
_a
LANDSCAPE DETAILING VOLL- II,SURFACES ,IIIRD EDITION
260
_b
C.B.S PUBLISHERS
_c
1999
300
_a
208
999
_c
855559
_d
855559